000 004150000a22001570004500
041 0 _aSPA
082 0 4 _aG 823.8 W9133o
100 1 _aWoolf, Virginia
245 1 0 _aLas olas / Virginia Woolf ; Andrés Bosch, Traductor
260 _aBogotá : Oveja Negra
300 _a253 Pag
440 0 _aColección Historia Universal de la Literatura
500 _aTítulo original : The waves
001 13303
942 _cBK
999 _c42286
_d42286